000 003570000a22001570004500
003 LK-CoMWRAF
005 20231130102122.0
008 230817t ||||| |||| 00| 0 eng d
040 _aLK-CoMWRAF
_dLK-CoMWRAF
_eLK-CoMWRAF
041 _aeng
082 _a823.03
_bABH
100 _aAbhayaratne, Manel
245 _aFragments
300 _a47p
942 _cBK
999 _c1101
_d1101